000
00255nam a22001097a 4500
999
_c
167689
_d
167689
082
_a
_b
100
_a
Vinod Tiwari
245
_a
Parampara sarjan aur upanyaz/
_c
by Vinod Tiwari.
260
_a
Allahabad:
_b
Lokbharath,
_c
2004.
650
_a
942
_c
BK